Guess the Fusion Rock Song Lyrics #58 - Statistics

General Stats
  • This quiz has been taken 25 times
  • The average score is 198 of 240
Answer Stats
Answer % Correct
I
95%
me
95%
you
95%
You
95%
Girl
86%
know
86%
no
86%
now
86%
so
86%
don't
82%
got
82%
I'm
82%
really
82%
to
82%
what
82%
be
77%
can't
77%
doing
77%
Oh
77%
oh
77%
want
77%
yeah
77%
your
77%
at
73%
night
73%
where
73%
by
68%
going
68%
sleep
68%
ever
64%
let
64%
side
64%
Please
59%
Van Halen
59%
only
45%
Ah
32%
ah
32%
Woah
23%
No matching quizzes found
Score Distribution
Percent of People with Each Score
Percentile by Number Answered
Your Score History
You have not taken this quiz